[Event "FRA-ch op-D"]
[Site "Nancy"]
[Date "2013.08.16"]
[Round "5"]
[White "Wolfangel, Jocelyne"]
[Black "Saucey, Milena"]
[Result "1-0"]
[WhiteElo "1433"]
[BlackElo "1492"]
[PlyCount "45"]
[EventDate "2013.08.11"]
[EventType "swiss"]
[EventRounds "11"]
[EventCountry "FRA"]
[SourceTitle "CBM 156 Extra"]
[Source "ChessBase"]
[SourceDate "2013.10.22"]
[SourceVersion "1"]
[SourceVersionDate "2013.10.22"]
[SourceQuality "1"]

1. d4 Nf6 2. c4 e6 3. Nf3 Bb4+ 4. Bd2 Qe7 5. Nc3 0-0 6. a3 Bxc3 7. Bxc3 d6 8. e3 c5 9. Be2 Nc6 10. 0-0 Ne4 11. Be1 Qd8 12. Bd3 Nf6 13. Bc3 Re8 14. Bc2 Qe7 15. dxc5 dxc5 16. b4 Rd8 17. Qb1 h6 18. b5 Nb8 19. Rd1 b6 20. Rxd8+ Qxd8 21. Qd1 Qxd1+ 22. Rxd1 Nfd7 23. Be4 1-0

[Event "FRA-ch op-D"]
[Site "Nancy"]
[Date "2013.08.14"]
[Round "3"]
[White "Lopez, Charles"]
[Black "Saucey, Milena"]
[Result "1-0"]
[WhiteElo "1428"]
[BlackElo "1492"]
[PlyCount "93"]
[EventDate "2013.08.11"]
[EventType "swiss"]
[EventRounds "11"]
[EventCountry "FRA"]
[SourceTitle "CBM 156 Extra"]
[Source "ChessBase"]
[SourceDate "2013.10.22"]
[SourceVersion "1"]
[SourceVersionDate "2013.10.22"]
[SourceQuality "1"]

1. d4 Nf6 2. c4 e6 3. Nf3 Bb4+ 4. Nbd2 0-0 5. g3 c5 6. Bg2 Nc6 7. dxc5 Bxc5 8. 0-0 d6 9. a3 a5 10. Nb3 Re8 11. Nxc5 dxc5 12. Qxd8 Rxd8 13. Be3 Ne4 14. Rfd1 Rxd1+ 15. Rxd1 f5 16. Nd2 Nxd2 17. Rxd2 Ne5 18. b3 a4 19. bxa4 Kf7 20. Bxc5 Rxa4 21. Rd8 Ra8 22. h4 Nc6 23. Rf8+ Kg6 24. f4 Ra5 25. Bd6 Bd7 26. Bf3 Nd4 27. Bxb7 Nxe2+ 28. Kf2 Nd4 29. Ra8 Rxa8 30. Bxa8 Nc6 31. Bb4 Kh5 32. Ke3 Kg4 33. Be1 e5 34. fxe5 Nxe5 35. Bd5 Ba4 36. Bc3 Nxc4+ 37. Bxc4 Kxg3 38. Be1+ Kg4 39. Be2+ Kh3 40. Kf4 Bc2 41. Bb5 h6 42. h5 Be4 43. a4 Kg2 44. Bc3 Bf3 45. Be8 g5+ 46. hxg6 Bd5 47. Kxf5 1-0

[Event "FRA-ch Accession"]
[Site "Nimes"]
[Date "2009.08.14"]
[Round "4"]
[White "Saucey, Milena"]
[Black "Ollier, Pablo"]
[Result "0-1"]
[WhiteElo "2366"]
[BlackElo "2226"]
[PlyCount "78"]
[EventDate "2009.08.11"]
[EventType "swiss"]
[EventRounds "9"]
[EventCountry "FRA"]
[SourceTitle "CBM 132 Extra"]
[Source "ChessBase"]
[SourceDate "2009.11.03"]
[SourceVersion "1"]
[SourceVersionDate "2009.11.03"]
[SourceQuality "1"]

1. d4 Nf6 2. c4 e6 3. Nf3 Bb4+ 4. Bd2 c5 5. Bxb4 cxb4 6. g3 0-0 7. Bg2 d6 8. a3 bxa3 9. Rxa3 Nc6 10. 0-0 e5 11. h3 Qb6 12. d5 Nb4 13. Nc3 Nd7 14. Na4 Qc7 15. Nd2 h6 16. f4 exf4 17. gxf4 Re8 18. Kh2 f5 19. Rg3 Nf6 20. Bf3 Re7 21. Rfg1 b5 22. Qb3 a5 23. cxb5 Bb7 24. Nc3 Kh8 25. R1g2 Rc8 26. Rg6 Kh7 27. R6g3 Kh8 28. Rg1 Qc5 29. R1g2 Nfxd5 30. Nxd5 Nxd5 31. Qa4 Qb4 32. Qxb4 axb4 33. Nb3 Nxf4 34. Bxb7 Rxb7 35. Rf2 Nh5 36. Rd3 Rxb5 37. Rxd6 Re5 38. Nd4 f4 39. b3 Ng3 0-1

[Event "St Chely d'Aubrac op 9th"]
[Site "St Chely d'Aubrac"]
[Date "2009.07.14"]
[Round "5"]
[White "Devoille, Hugo"]
[Black "Saucey, Milena"]
[Result "1-0"]
[WhiteElo "1685"]
[BlackElo "1440"]
[PlyCount "55"]
[EventDate "2009.07.11"]
[EventType "swiss"]
[EventRounds "9"]
[EventCountry "FRA"]
[SourceTitle "EXT 2010"]
[Source "ChessBase"]
[SourceDate "2010.11.25"]
[SourceVersion "1"]
[SourceVersionDate "2010.11.25"]
[SourceQuality "1"]

1. e4 e5 2. Nf3 Nc6 3. Bb5 Nf6 4. d3 d6 5. c3 Bg4 6. h3 Bh5 7. Nbd2 a6 8. Ba4 b5 9. Bc2 d5 10. Qe2 Be7 11. Nf1 dxe4 12. dxe4 0-0 13. Ng3 Bxf3 14. Qxf3 h6 15. Nf5 Kh7 16. 0-0 Na7 17. Qg3 Rg8 18. Qxe5 Re8 19. Qg3 Bf8 20. e5 g6 21. Nh4 Rxe5 22. Qxe5 Ng4 23. Qg3 Nxf2 24. Qxf2 Bc5 25. Qxc5 Qxh4 26. Rxf7+ Kg8 27. Qd5 Qe1+ 28. Rf1+ 1-0

[Event "St Chely d'Aubrac op 8th"]
[Site "St Chely d'Aubrac"]
[Date "2008.07.19"]
[Round "9"]
[White "Saucey, Milena"]
[Black "Rateau, Cyprien"]
[Result "1-0"]
[WhiteElo "1580"]
[BlackElo "1340"]
[PlyCount "69"]
[EventDate "2008.07.13"]
[EventType "swiss"]
[EventRounds "9"]
[EventCountry "FRA"]
[SourceTitle "CBM 125 Extra"]
[Source "ChessBase"]
[SourceDate "2008.09.01"]
[SourceVersion "1"]
[SourceVersionDate "2008.09.01"]
[SourceQuality "1"]

1. e4 e5 2. Nf3 Nc6 3. Bc4 Bc5 4. c3 Nf6 5. d3 d6 6. h3 h6 7. Nbd2 0-0 8. Nf1 Be6 9. Bb3 d5 10. Ng3 a6 11. 0-0 d4 12. Re1 Na5 13. Nxe5 Nxb3 14. axb3 Bd6 15. cxd4 Bxe5 16. dxe5 Nd7 17. d4 f6 18. exf6 Qxf6 19. Be3 b6 20. d5 Bf7 21. Qd4 Qe7 22. Nf5 Qe5 23. Qxe5 Nxe5 24. Bd4 Rfe8 25. f4 Nd3 26. Re3 Nxf4 27. Bxg7 Bg6 28. Bxh6 Bxf5 29. Bxf4 Bxe4 30. Rae1 Red8 31. Rxe4 Rxd5 32. Bxc7 Rb5 33. R1e3 Rc8 34. Re8+ Rxe8 35. Rxe8+ 1-0

[Event "St Chely d'Aubrac op 8th"]
[Site "St Chely d'Aubrac"]
[Date "2008.07.16"]
[Round "6"]
[White "Causse, Michel"]
[Black "Saucey, Milena"]
[Result "1/2-1/2"]
[WhiteElo "1380"]
[BlackElo "1580"]
[PlyCount "34"]
[EventDate "2008.07.13"]
[EventType "swiss"]
[EventRounds "9"]
[EventCountry "FRA"]
[SourceTitle "CBM 125 Extra"]
[Source "ChessBase"]
[SourceDate "2008.09.01"]
[SourceVersion "1"]
[SourceVersionDate "2008.09.01"]
[SourceQuality "1"]

1. d4 d5 2. c4 Nf6 3. Nc3 Nc6 4. Bg5 e6 5. e3 Bb4 6. Qc2 h6 7. Bh4 g5 8. Bg3 Ne4 9. Nge2 Nxc3 10. bxc3 Bd6 11. Bxd6 Qxd6 12. c5 Qe7 13. Nc1 Bd7 14. Be2 0-0-0 15. Rb1 Na5 16. Nb3 Nxb3 17. axb3 Qe8 1/2-1/2

[Event "FRA-ch U12 Girls"]
[Site "La Roche sur Yon"]
[Date "2008.04.26"]
[Round "8"]
[White "Fischer, Julie"]
[Black "Saucey, Milena"]
[Result "1-0"]
[WhiteElo "1671"]
[BlackElo "1440"]
[PlyCount "61"]
[EventDate "2008.04.21"]
[EventType "swiss"]
[EventRounds "9"]
[EventCountry "FRA"]
[SourceTitle "EXT 2010"]
[Source "ChessBase"]
[SourceDate "2010.11.25"]
[SourceVersion "1"]
[SourceVersionDate "2010.11.25"]
[SourceQuality "1"]

1. e4 e5 2. Nf3 Nc6 3. d4 exd4 4. Bc4 Nf6 5. e5 d5 6. Bb5 Ne4 7. Nxd4 Bd7 8. Bxc6 Bxc6 9. Nxc6 bxc6 10. Be3 Be7 11. 0-0 Bg5 12. Bxg5 Qxg5 13. f4 Qh4 14. c4 Qd8 15. Qa4 Qd7 16. Rd1 d4 17. c5 Nxc5 18. Qxd4 Qxd4+ 19. Rxd4 Ne6 20. Rc4 Rb8 21. b3 Kd7 22. Nc3 c5 23. f5 Nd4 24. Rd1 Kc6 25. Rdxd4 Kb6 26. Rd7 Rhf8 27. Nd5+ Kc6 28. Rxc7+ Kb5 29. R4xc5+ Ka6 30. R5c6+ Kb5 31. a4+ 1-0

[Event "FRA-ch op-D"]
[Site "Aix les Bains"]
[Date "2007.08.19"]
[Round "6"]
[White "Saucey, Milena"]
[Black "Militon, Alexandre"]
[Result "0-1"]
[WhiteElo "1380"]
[BlackElo "1480"]
[PlyCount "44"]
[EventDate "2007.08.13"]
[EventType "swiss"]
[EventRounds "11"]
[EventCountry "FRA"]
[SourceTitle "CBM 120 Extra"]
[Source "ChessBase"]
[SourceDate "2007.11.01"]
[SourceVersion "1"]
[SourceVersionDate "2007.11.01"]
[SourceQuality "1"]

1. e4 e5 2. Nf3 Nc6 3. Bc4 Bc5 4. d3 d6 5. h3 h6 6. c3 Qf6 7. Nbd2 a6 8. Bb3 Be6 9. 0-0 Nge7 10. Re1 0-0 11. Nf1 Bb6 12. Be3 d5 13. Bxb6 cxb6 14. Ng3 Rfd8 15. Qc2 Rac8 16. Qb1 Bxh3 17. Nxe5 Nxe5 18. d4 N5g6 19. gxh3 Qh4 20. exd5 Qxh3 21. Qc1 Nh4 22. Rxe7 Nf3# 0-1

[Event "FRA-ch op-D"]
[Site "Aix les Bains"]
[Date "2007.08.15"]
[Round "2"]
[White "Fauchart, Francois"]
[Black "Saucey, Milena"]
[Result "1/2-1/2"]
[WhiteElo "1470"]
[BlackElo "1380"]
[PlyCount "125"]
[EventDate "2007.08.13"]
[EventType "swiss"]
[EventRounds "11"]
[EventCountry "FRA"]
[SourceTitle "CBM 120 Extra"]
[Source "ChessBase"]
[SourceDate "2007.11.01"]
[SourceVersion "1"]
[SourceVersionDate "2007.11.01"]
[SourceQuality "1"]

1. c4 e5 2. Nc3 Nf6 3. e4 c6 4. Nf3 Bb4 5. a3 Bxc3 6. bxc3 Nxe4 7. Bd3 Nf6 8. Nxe5 Qe7 9. Qe2 d6 10. Nf3 Qxe2+ 11. Bxe2 0-0 12. 0-0 Bg4 13. Re1 Re8 14. Bb2 Nbd7 15. d4 Re7 16. h3 h6 17. Bd3 Rxe1+ 18. Rxe1 Bxf3 19. gxf3 Rb8 20. d5 cxd5 21. cxd5 Ne5 22. Be4 Nxe4 23. Rxe4 Nxf3+ 24. Kg2 Nd2 25. Rg4 Nb3 26. c4 f6 27. Bxf6 g6 28. Be7 b5 29. Bxd6 Rd8 30. c5 a6 31. a4 Nd2 32. axb5 axb5 33. Rb4 Nc4 34. Rxc4 bxc4 35. c6 c3 36. c7 Rc8 37. Bf4 Kf7 38. d6 Ke6 39. Kf3 g5 40. Bxg5 Kxd6 41. Bf4+ Kd5 42. Ke2 Ke4 43. Bd6 Kd4 44. f4 Re8+ 45. Be5+ Kc4 46. Kd1 Kd3 47. Kc1 Ra8 48. Kb1 c2+ 49. Kc1 Rg8 50. Bg7 Rxg7 51. c8Q Rg1+ 52. Kb2 c1Q+ 53. Qxc1 Rxc1 54. Kxc1 Ke4 55. Kd2 Kxf4 56. Kd3 h5 57. Ke2 Kg3 58. h4 Kxh4 59. Kf2 Kh3 60. Kg1 Kg3 61. Kh1 h4 62. Kg1 Kf3 63. Kh2 1/2-1/2

[Event "St Chely d'Aubrac op 7th"]
[Site "St Chely d'Aubrac"]
[Date "2007.07.16"]
[Round "3"]
[White "Saucey, Milena"]
[Black "Godard, Steven"]
[Result "1-0"]
[WhiteElo "1380"]
[BlackElo "1499"]
[PlyCount "97"]
[EventDate "2007.07.07"]
[EventType "swiss"]
[EventRounds "9"]
[EventCountry "FRA"]
[SourceTitle "EXT 2008"]
[Source "ChessBase"]
[SourceDate "2007.11.25"]
[SourceVersion "1"]
[SourceVersionDate "2007.11.25"]
[SourceQuality "1"]

1. e4 e6 2. d4 d5 3. Nd2 Nf6 4. e5 Nfd7 5. Ngf3 c5 6. Nb3 Nc6 7. Be3 cxd4 8. Bxd4 Qc7 9. Qe2 a5 10. a4 b6 11. Qe3 Nxd4 12. Nbxd4 Bc5 13. Nb5 Qb8 14. Qg5 0-0 15. Bd3 h6 16. Qg3 Ba6 17. 0-0 Bxb5 18. Bxb5 Qc7 19. Rfe1 Nb8 20. Rad1 Nc6 21. Bxc6 Qxc6 22. b3 Bb4 23. Nd4 Qd7 24. c3 Bc5 25. Re3 Bxd4 26. Rxd4 f5 27. exf6 Rxf6 28. Qe5 Raf8 29. f3 Rd8 30. Ree4 Qc6 31. c4 Qc5 32. Rg4 Kf7 33. Kf1 Qd6 34. Qh5+ Kf8 35. Rg6 Rxg6 36. Qxg6 Qe5 37. Rd1 Re8 38. Re1 Qf6 39. Qxf6+ gxf6 40. cxd5 exd5 41. Rxe8+ Kxe8 42. Ke2 Ke7 43. Ke3 Kd6 44. Kd4 Ke6 45. g4 f5 46. h4 f4 47. h5 Kf6 48. Kxd5 Kg5 49. Ke4 1-0

[Event "St Chely d'Aubrac op 7th"]
[Site "St Chely d'Aubrac"]
[Date "2007.07.14"]
[Round "1"]
[White "Saucey, Milena"]
[Black "De Biasi, Robert"]
[Result "0-1"]
[WhiteElo "1380"]
[BlackElo "1825"]
[PlyCount "58"]
[EventDate "2007.07.07"]
[EventType "swiss"]
[EventRounds "9"]
[EventCountry "FRA"]
[SourceTitle "EXT 2008"]
[Source "ChessBase"]
[SourceDate "2007.11.25"]
[SourceVersion "1"]
[SourceVersionDate "2007.11.25"]
[SourceQuality "1"]

1. e4 c5 2. Nf3 d6 3. d4 cxd4 4. Nxd4 Nf6 5. Nc3 g6 6. Bc4 Bg7 7. 0-0 0-0 8. Be3 Nc6 9. Nf3 Bd7 10. Qc1 Ng4 11. h3 Nxe3 12. fxe3 Ne5 13. Bd5 Rb8 14. Ng5 e6 15. h4 exd5 16. Nxd5 h6 17. Nf3 Nxf3+ 18. Rxf3 Qxh4 19. Qf1 Qxe4 20. Rf6 Qxd5 21. Rf2 Qg5 22. Rd1 Be5 23. Rd5 Qg3 24. Rxe5 Qxe5 25. Rf6 Bc6 26. Rf4 Qxe3+ 27. Kh1 Rfe8 28. Rh4 Qg3 29. Rxh6 Re1 0-1

[Event "FRA-ch U10 Girls"]
[Site "Le Grand Bornand"]
[Date "2007.04.??"]
[Round "4"]
[White "Grand, Laura"]
[Black "Saucey, Milena"]
[Result "0-1"]
[WhiteElo "1550"]
[BlackElo "1330"]
[PlyCount "36"]
[EventDate "2007.04.07"]
[EventType "swiss"]
[EventRounds "9"]
[EventCountry "FRA"]
[SourceTitle "CBM 118 Extra"]
[Source "ChessBase"]
[SourceDate "2007.07.04"]
[SourceVersion "1"]
[SourceVersionDate "2007.07.04"]
[SourceQuality "1"]

1. e4 e5 2. Nf3 Nc6 3. Bc4 Nf6 4. Nc3 Bc5 5. d3 d6 6. h3 h6 7. Be3 Bb6 8. Qd2 Qe7 9. Nd5 Nxd5 10. Bxd5 Bd7 11. Bxb6 axb6 12. c3 0-0 13. Qe3 Qe8 14. Nh2 Be6 15. 0-0 Kh8 16. f4 f5 17. fxe5 Bxd5 18. exd5 Nxe5 0-1

[Event "FRA-ch U10 Girls"]
[Site "Le Grand Bornand"]
[Date "2007.04.??"]
[Round "5"]
[White "Saucey, Milena"]
[Black "Legrand, Claire"]
[Result "0-1"]
[WhiteElo "1330"]
[BlackElo "1460"]
[PlyCount "38"]
[EventDate "2007.04.07"]
[EventType "swiss"]
[EventRounds "9"]
[EventCountry "FRA"]
[SourceTitle "CBM 118 Extra"]
[Source "ChessBase"]
[SourceDate "2007.07.04"]
[SourceVersion "1"]
[SourceVersionDate "2007.07.04"]
[SourceQuality "1"]

1. e4 d6 2. d4 Nf6 3. Nc3 Nbd7 4. Bd3 e5 5. Nf3 Be7 6. Be3 0-0 7. Qe2 c6 8. 0-0-0 b5 9. Bd2 a5 10. a4 bxa4 11. Nxa4 Rb8 12. h4 Nb6 13. Bxa5 Nfd7 14. Qe3 Ra8 15. b4 Ba6 16. dxe5 Bxd3 17. exd6 Bxd6 18. Rxd3 Qb8 19. Nxb6 Bf4 0-1